[Event "Blitz 2018"]
[Site "Saint-Petersburg"]
[Date "2018.12.30"]
[Round "13"]
[Board "78"]
[White "Geller Jakov (RUS)"]
[Black "Fakhrutdinov Timur (RUS)"]
[Result "1/2-1/2"]
[LiveChessVersion "1.4.8"]
[BlackElo "2357"]
[WhiteElo "2528"]

1. e4 {[%clk 0:03:03]} e5 {[%clk 0:03:04]} 2. Nf3 {[%clk 0:03:03]} Nc6
{[%clk 0:03:05]} 3. Bc4 {[%clk 0:03:04]} Bc5 {[%clk 0:03:05]} 4. d3
{[%clk 0:03:05]} Nf6 {[%clk 0:03:06]} 5. O-O {[%clk 0:03:05]} d6 {[%clk 0:03:02]}
6. c3 {[%clk 0:03:05]} a6 {[%clk 0:03:03]} 7. Bb3 {[%clk 0:03:06]} Ba7
{[%clk 0:03:04]} 8. Nbd2 {[%clk 0:03:07]} O-O {[%clk 0:03:03]} 9. h3
{[%clk 0:03:08]} Be6 {[%clk 0:03:01]} 10. Bc2 {[%clk 0:03:09]} d5
{[%clk 0:03:01]} 11. exd5 {[%clk 0:03:05]} Nxd5 {[%clk 0:03:02]} 12. Re1
{[%clk 0:03:03]} Re8 {[%clk 0:03:02]} 13. Ne4 {[%clk 0:02:59]} f6
{[%clk 0:03:01]} 14. Bd2 {[%clk 0:02:53]} Qd7 {[%clk 0:02:52]} 15. a4
{[%clk 0:02:35]} Rad8 {[%clk 0:02:40]} 16. Qe2 {[%clk 0:02:36]} Bf7 17. b4
{[%clk 0:02:32]} Nce7 {[%clk 0:02:00]} 18. a5 {[%clk 0:02:17]} Ng6
{[%clk 0:01:56]} 19. Qf1 {[%clk 0:01:29]} Ndf4 {[%clk 0:01:50]} 20. Be3
{[%clk 0:01:18]} Bxe3 {[%clk 0:01:16]} 21. Rxe3 {[%clk 0:01:18]} Nd5
{[%clk 0:01:13]} 22. Ree1 {[%clk 0:01:18]} Qc6 {[%clk 0:00:53]} 23. Ba4
{[%clk 0:01:18]} b5 {[%clk 0:00:42]} 24. axb6 {[%clk 0:01:18]} Qxb6
{[%clk 0:00:43]} 25. Bxe8 {[%clk 0:01:18]} Rxe8 {[%clk 0:00:44]} 26. d4
{[%clk 0:01:08]} exd4 {[%clk 0:00:37]} 27. Nxd4 {[%clk 0:01:03]} Nxc3
{[%clk 0:00:26]} 28. Nxc3 {[%clk 0:01:01]} Qxd4 {[%clk 0:00:17]} 29. Rxe8+
{[%clk 0:00:58]} Bxe8 {[%clk 0:00:18]} 30. Qe1 {[%clk 0:00:58]} Ne5
{[%clk 0:00:16]} 31. Rxa6 {[%clk 0:00:54]} Qxb4 {[%clk 0:00:12]} 32. Ra8
{[%clk 0:00:51]} Kf7 {[%clk 0:00:13]} 33. Qd2 {[%clk 0:00:46]} Bc6
{[%clk 0:00:13]} 34. Rc8 {[%clk 0:00:37]} Qa5 {[%clk 0:00:09]} 35. f4
{[%clk 0:00:26]} Nc4 {[%clk 0:00:09]} 36. Qd8 {[%clk 0:00:23]} Qxc3
{[%clk 0:00:06]} 37. Qxc7+ {[%clk 0:00:22]} Kg6 {[%clk 0:00:06]} 38. Qxc6
{[%clk 0:00:21]} Qe3+ {[%clk 0:00:06]} 39. Kh1 {[%clk 0:00:21]} Qc1+
{[%clk 0:00:06]} 40. Kh2 {[%clk 0:00:22]} Qxf4+ {[%clk 0:00:07]} 41. g3
{[%clk 0:00:23]} Qf2+ {[%clk 0:00:06]} 42. Qg2 {[%clk 0:00:24]} Qxg2+
{[%clk 0:00:07]} 43. Kxg2 {[%clk 0:00:24]} Ne5 {[%clk 0:00:08]} 44. Rc7
{[%clk 0:00:24]} h5 {[%clk 0:00:08]} 45. Kf2 {[%clk 0:00:25]} Kh6
{[%clk 0:00:09]} 46. Ke3 {[%clk 0:00:24]} Kg6 {[%clk 0:00:08]} 47. Kf4
{[%clk 0:00:25]} Nd3+ {[%clk 0:00:09]} 48. Ke4 {[%clk 0:00:26]} Ne5
{[%clk 0:00:10]} 49. Ra7 {[%clk 0:00:24]} Nf7 {[%clk 0:00:10]} 50. Kd5
{[%clk 0:00:21]} Ng5 {[%clk 0:00:08]} 51. h4 {[%clk 0:00:21]} Nf7
{[%clk 0:00:09]} 52. Ke6 {[%clk 0:00:22]} Nh6 {[%clk 0:00:08]} 53. Ke7
{[%clk 0:00:21]} Nf5+ {[%clk 0:00:08]} 54. Kf8 {[%clk 0:00:21]} Kh6
{[%clk 0:00:09]} 55. Kg8 {[%clk 0:00:15]} g5 {[%clk 0:00:08]} 56. Kf7
{[%clk 0:00:07]} gxh4 {[%clk 0:00:07]} 57. gxh4 {[%clk 0:00:04]} Nxh4
{[%clk 0:00:07]} 58. Kxf6 {[%clk 0:00:05]} Nf3 {[%clk 0:00:06]} 59. Ra8
{[%clk 0:00:05]} Kh7 {[%clk 0:00:06]} 60. Rd8 {[%clk 0:00:05]} Nh2
{[%clk 0:00:04]} 61. Kg5 {[%clk 0:00:03]} Kg7 {[%clk 0:00:04]} 62. Rd7+
{[%clk 0:00:03]} Kf8 {[%clk 0:00:05]} 63. Kxh5 {[%clk 0:00:03]} Nf3
{[%clk 0:00:05]} 64. Rd5 {[%clk 0:00:04]} Ke7 {[%clk 0:00:05]} 65. Kg4
{[%clk 0:00:04]} Ke6 {[%clk 0:00:06]} 66. Ra5 {[%clk 0:00:05]} Ne5+
{[%clk 0:00:07]} 67. Kf4 {[%clk 0:00:06]} Ng6+ {[%clk 0:00:06]} 68. Ke4
{[%clk 0:00:07]} Kf6 {[%clk 0:00:07]} 69. Ra6+ {[%clk 0:00:09]} Kg5
{[%clk 0:00:09]} 70. Rb6 {[%clk 0:00:10]} Ne7 {[%clk 0:00:05]} 71. Ke5
{[%clk 0:00:10]} Ng6+ {[%clk 0:00:06]} 72. Ke6 {[%clk 0:00:09]} Nf4+
{[%clk 0:00:07]} 73. Kf7 {[%clk 0:00:12]} Kf5 {[%clk 0:00:08]} 74. Rb5+
{[%clk 0:00:13]} Ke4 {[%clk 0:00:09]} 75. Kf6 {[%clk 0:00:13]} Nd5+
{[%clk 0:00:10]} 76. Kg5 {[%clk 0:00:14]} Ne3 {[%clk 0:00:10]} 1/2-1/2

[Event "Blitz 2018"]
[Site "Saint-Petersburg"]
[Date "2018.12.30"]
[Round "13"]
[Board "79"]
[White "Dubrovin Robert (EST)"]
[Black "Bocharov Dmitry (RUS)"]
[Result "1/2-1/2"]
[LiveChessVersion "1.4.8"]
[BlackElo "2517"]
[WhiteElo "2176"]

1. d4 {[%clk 0:03:03]} Nf6 {[%clk 0:03:03]} 2. c4 {[%clk 0:03:05]} e6
{[%clk 0:03:02]} 3. Nc3 {[%clk 0:03:06]} Bb4 {[%clk 0:03:01]} 4. e3
{[%clk 0:03:07]} O-O {[%clk 0:03:01]} 5. a3 {[%clk 0:03:09]} Bxc3+
{[%clk 0:03:00]} 6. bxc3 {[%clk 0:03:10]} d5 {[%clk 0:02:49]} 7. cxd5
{[%clk 0:03:11]} exd5 {[%clk 0:02:49]} 8. Bd3 {[%clk 0:03:11]} c5
{[%clk 0:02:42]} 9. Ne2 {[%clk 0:03:12]} b6 {[%clk 0:02:42]} 10. O-O
{[%clk 0:03:11]} Ba6 {[%clk 0:02:43]} 11. f3 {[%clk 0:03:11]} Re8
{[%clk 0:02:44]} 12. Bxa6 {[%clk 0:03:09]} Nxa6 {[%clk 0:02:44]} 13. Qd3
{[%clk 0:03:10]} Nb8 {[%clk 0:02:33]} 14. Ng3 {[%clk 0:03:10]} Nc6
{[%clk 0:02:34]} 15. Ra2 {[%clk 0:03:03]} Qd7 {[%clk 0:02:33]} 16. Re2
{[%clk 0:03:01]} Rad8 {[%clk 0:02:34]} 17. Bb2 {[%clk 0:03:00]} h5
{[%clk 0:02:32]} 18. Rfe1 {[%clk 0:02:08]} h4 {[%clk 0:02:28]} 19. Nf5
{[%clk 0:01:51]} h3 {[%clk 0:02:28]} 20. gxh3 {[%clk 0:01:29]} g6
{[%clk 0:02:23]} 21. Nh6+ {[%clk 0:01:30]} Kg7 {[%clk 0:02:14]} 22. Ng4
{[%clk 0:01:30]} Nh7 {[%clk 0:02:07]} 23. dxc5 {[%clk 0:01:25]} bxc5
{[%clk 0:01:42]} 24. c4+ {[%clk 0:01:25]} d4 {[%clk 0:01:43]} 25. exd4
{[%clk 0:01:22]} Rxe2 {[%clk 0:01:43]} 26. Qxe2 {[%clk 0:01:17]} cxd4
{[%clk 0:01:30]} 27. Ne5 {[%clk 0:01:02]} Nxe5 {[%clk 0:01:27]} 28. Qxe5+
{[%clk 0:01:04]} f6 {[%clk 0:01:19]} 29. Qe7+ {[%clk 0:01:02]} Kg8
{[%clk 0:01:14]} 30. Qxd7 {[%clk 0:01:00]} Rxd7 {[%clk 0:01:15]} 31. Rd1
{[%clk 0:00:59]} Ng5 {[%clk 0:01:16]} 32. Kf2 {[%clk 0:00:57]} Ne6
{[%clk 0:01:14]} 33. c5 {[%clk 0:00:51]} Nxc5 {[%clk 0:01:01]} 34. Rxd4
{[%clk 0:00:45]} Rb7 {[%clk 0:01:02]} 35. Bc3 {[%clk 0:00:40]} Kf7
{[%clk 0:01:03]} 36. Rd6 {[%clk 0:00:37]} Ne6 {[%clk 0:01:01]} 37. Ra6
{[%clk 0:00:36]} f5 38. h4 Nf4 {[%clk 0:00:51]} 39. Ke3 {[%clk 0:00:33]} Ng2+
{[%clk 0:00:48]} 40. Kd4 {[%clk 0:00:33]} Nxh4 {[%clk 0:00:49]} 41. f4
{[%clk 0:00:20]} Nf3+ {[%clk 0:00:49]} 42. Kd5 {[%clk 0:00:21]} Rd7+
{[%clk 0:00:43]} 43. Kc6 {[%clk 0:00:22]} Re7 {[%clk 0:00:44]} 44. Bb4
{[%clk 0:00:14]} Nd4+ {[%clk 0:00:37]} 45. Kd5 {[%clk 0:00:07]} Rd7+
{[%clk 0:00:36]} 46. Bd6 {[%clk 0:00:07]} Ne6 {[%clk 0:00:28]} 47. Ke5
{[%clk 0:00:08]} Rb7 {[%clk 0:00:26]} 48. a4 {[%clk 0:00:09]} Nf8
{[%clk 0:00:20]} 49. Ba3 {[%clk 0:00:10]} Nd7+ {[%clk 0:00:19]} 50. Kd6
{[%clk 0:00:11]} Nf6 {[%clk 0:00:15]} 51. Bc5 {[%clk 0:00:11]} Ne4+
{[%clk 0:00:15]} 52. Kc6 {[%clk 0:00:13]} Rb1 {[%clk 0:00:15]} 53. Rxa7+
{[%clk 0:00:14]} Ke6 {[%clk 0:00:16]} 54. Re7+ {[%clk 0:00:12]} Kf6
{[%clk 0:00:17]} 55. Re5 {[%clk 0:00:12]} Rc1 {[%clk 0:00:15]} 56. Kb5
{[%clk 0:00:13]} g5 {[%clk 0:00:16]} 57. Rxe4 {[%clk 0:00:07]} fxe4
{[%clk 0:00:16]} 58. fxg5+ {[%clk 0:00:09]} Kf5 {[%clk 0:00:16]} 59. a5
{[%clk 0:00:09]} Rb1+ {[%clk 0:00:16]} 60. Kc6 {[%clk 0:00:09]} Ra1
{[%clk 0:00:17]} 61. Kb6 {[%clk 0:00:08]} Kxg5 {[%clk 0:00:05]} 62. a6
{[%clk 0:00:10]} Kf4 {[%clk 0:00:06]} 63. a7 {[%clk 0:00:09]} e3 {[%clk 0:00:06]}
64. Bxe3+ {[%clk 0:00:09]} Kxe3 {[%clk 0:00:07]} 65. Kb7 {[%clk 0:00:10]} Kf3
{[%clk 0:00:07]} 66. a8=Q {[%clk 0:00:10]} Rxa8 {[%clk 0:00:07]} 67. Kxa8
{[%clk 0:00:11]} Kg4 {[%clk 0:00:08]} 68. h4 {[%clk 0:00:11]} Kxh4 1/2-1/2

[Event "Blitz 2018"]
[Site "Saint-Petersburg"]
[Date "2018.12.30"]
[Round "13"]
[Board "80"]
[White "Gutenev Alexander (RUS)"]
[Black "Postny Evgeny (ISR)"]
[Result "0-1"]
[LiveChessVersion "1.4.8"]
[BlackElo "2657"]
[WhiteElo "2419"]

1. e4 {[%clk 0:03:03]} e5 {[%clk 0:03:03]} 2. Nf3 {[%clk 0:03:03]} Nc6
{[%clk 0:03:04]} 3. Bb5 {[%clk 0:03:04]} a6 {[%clk 0:03:05]} 4. Ba4
{[%clk 0:03:05]} Nf6 {[%clk 0:03:06]} 5. O-O {[%clk 0:03:05]} Be7
{[%clk 0:03:07]} 6. Re1 {[%clk 0:03:06]} b5 {[%clk 0:03:07]} 7. Bb3
{[%clk 0:03:07]} d6 {[%clk 0:03:08]} 8. c3 {[%clk 0:03:08]} Na5 {[%clk 0:03:08]}
9. Bc2 {[%clk 0:03:09]} c5 {[%clk 0:03:09]} 10. h3 {[%clk 0:03:07]} Qc7
{[%clk 0:03:10]} 11. d4 {[%clk 0:03:07]} Bd7 {[%clk 0:03:10]} 12. d5
{[%clk 0:03:01]} c4 {[%clk 0:03:05]} 13. Nbd2 {[%clk 0:02:55]} O-O
{[%clk 0:03:04]} 14. Nf1 {[%clk 0:02:56]} Nb7 {[%clk 0:02:57]} 15. Kh2
{[%clk 0:02:40]} Rfb8 {[%clk 0:02:54]} 16. g4 {[%clk 0:02:40]} a5
{[%clk 0:02:49]} 17. Ng3 {[%clk 0:02:38]} g6 {[%clk 0:02:50]} 18. Bg5
{[%clk 0:01:48]} Nc5 {[%clk 0:02:35]} 19. Qd2 {[%clk 0:01:48]} b4
{[%clk 0:02:35]} 20. Rab1 {[%clk 0:01:23]} b3 {[%clk 0:02:19]} 21. axb3
{[%clk 0:01:17]} cxb3 {[%clk 0:02:20]} 22. Bd3 {[%clk 0:01:15]} Qd8
{[%clk 0:02:08]} 23. Be3 {[%clk 0:01:06]} Rc8 {[%clk 0:01:59]} 24. Rg1
{[%clk 0:01:07]} a4 {[%clk 0:01:54]} 25. Ra1 {[%clk 0:01:06]} Kh8
{[%clk 0:01:32]} 26. Ng5 {[%clk 0:00:56]} Be8 {[%clk 0:01:29]} 27. Nf3
{[%clk 0:00:30]} Rab8 {[%clk 0:01:21]} 28. Bh6 {[%clk 0:00:31]} Ng8
{[%clk 0:01:17]} 29. Be3 {[%clk 0:00:28]} Nf6 {[%clk 0:01:06]} 30. Bh6
{[%clk 0:00:29]} Nxd3 {[%clk 0:01:06]} 31. Qxd3 {[%clk 0:00:30]} Nd7
{[%clk 0:01:07]} 32. Qe3 {[%clk 0:00:26]} Qb6 {[%clk 0:01:05]} 33. Qd2
{[%clk 0:00:23]} Nc5 {[%clk 0:01:04]} 34. Bg5 {[%clk 0:00:23]} f6
{[%clk 0:01:00]} 35. Be3 {[%clk 0:00:24]} Qb5 {[%clk 0:00:55]} 36. Rgd1
{[%clk 0:00:18]} Bd7 {[%clk 0:00:51]} 37. g5 {[%clk 0:00:19]} f5 {[%clk 0:00:48]}
38. exf5 {[%clk 0:00:18]} gxf5 {[%clk 0:00:49]} 39. Bxc5 {[%clk 0:00:15]} Qxc5
{[%clk 0:00:48]} 40. Nh4 {[%clk 0:00:13]} Rg8 {[%clk 0:00:40]} 41. Nhxf5
{[%clk 0:00:11]} Bxg5 {[%clk 0:00:40]} 42. Qe2 {[%clk 0:00:12]} Bf4
{[%clk 0:00:37]} 43. Kh1 {[%clk 0:00:12]} Rbf8 {[%clk 0:00:31]} 44. Ne4
{[%clk 0:00:10]} Qc8 {[%clk 0:00:19]} 45. Ne7 {[%clk 0:00:11]} Qd8
{[%clk 0:00:19]} 46. Nxg8 {[%clk 0:00:09]} Qh4 {[%clk 0:00:20]} 47. Qf3
{[%clk 0:00:08]} Bxh3 {[%clk 0:00:18]} 48. Kg1 {[%clk 0:00:03]} Rxg8+
{[%clk 0:00:19]} 49. Ng3 {[%clk 0:00:04]} Bxg3 {[%clk 0:00:18]} 0-1

[Event "Blitz 2018"]
[Site "Saint-Petersburg"]
[Date "2018.12.30"]
[Round "13"]
[Board "81"]
[White "Kryakvin Dmitry (RUS)"]
[Black "Borisenko Viacheslav (UKR)"]
[Result "0-1"]
[LiveChessVersion "1.4.8"]
[BlackElo "2444"]
[WhiteElo "2536"]

1. d4 {[%clk 0:03:02]} d5 {[%clk 0:03:03]} 2. c4 {[%clk 0:03:03]} dxc4
{[%clk 0:03:04]} 3. e3 {[%clk 0:03:04]} Nf6 {[%clk 0:03:05]} 4. Bxc4
{[%clk 0:03:05]} e6 {[%clk 0:03:06]} 5. Nf3 {[%clk 0:03:05]} a6 {[%clk 0:03:07]}
6. O-O {[%clk 0:03:05]} c5 {[%clk 0:03:08]} 7. b3 {[%clk 0:03:06]} b5
{[%clk 0:03:06]} 8. Be2 {[%clk 0:03:06]} Bb7 {[%clk 0:03:08]} 9. Bb2
{[%clk 0:03:01]} Nbd7 {[%clk 0:03:02]} 10. a4 {[%clk 0:03:02]} bxa4
{[%clk 0:02:59]} 11. Rxa4 {[%clk 0:03:02]} Be7 {[%clk 0:02:53]} 12. Nbd2
{[%clk 0:03:03]} cxd4 {[%clk 0:02:49]} 13. Bxd4 {[%clk 0:02:48]} O-O
{[%clk 0:02:47]} 14. Qa1 {[%clk 0:02:48]} e5 {[%clk 0:02:36]} 15. Bb2
{[%clk 0:02:33]} Nc5 {[%clk 0:02:28]} 16. Ra2 {[%clk 0:01:37]} Nfe4
{[%clk 0:01:44]} 17. Bxe5 {[%clk 0:01:27]} f6 {[%clk 0:01:20]} 18. Bd4
{[%clk 0:01:24]} Kh8 {[%clk 0:01:22]} 19. Nxe4 {[%clk 0:01:14]} Nxe4
{[%clk 0:01:05]} 20. Bxa6 {[%clk 0:01:09]} Bxa6 {[%clk 0:00:57]} 21. Rxa6
{[%clk 0:01:10]} Rb8 {[%clk 0:00:57]} 22. Qb1 {[%clk 0:00:57]} Qd5
{[%clk 0:00:50]} 23. Qc2 {[%clk 0:00:53]} Rxb3 {[%clk 0:00:44]} 24. h3
{[%clk 0:00:51]} Rbb8 {[%clk 0:00:36]} 25. Ra7 {[%clk 0:00:49]} Rfc8
{[%clk 0:00:27]} 26. Qa2 {[%clk 0:00:50]} Qxa2 {[%clk 0:00:27]} 27. Rxa2
{[%clk 0:00:51]} Kg8 {[%clk 0:00:21]} 28. Nd2 {[%clk 0:00:41]} Ng5
{[%clk 0:00:18]} 29. Rfa1 {[%clk 0:00:34]} Rb7 {[%clk 0:00:16]} 30. h4
{[%clk 0:00:28]} Ne6 {[%clk 0:00:16]} 31. Nf3 {[%clk 0:00:29]} Kf7
{[%clk 0:00:15]} 32. Ra7 {[%clk 0:00:30]} Rcc7 {[%clk 0:00:13]} 33. Rxb7
{[%clk 0:00:29]} Rxb7 {[%clk 0:00:14]} 34. Ra2 {[%clk 0:00:25]} Rb1+
{[%clk 0:00:12]} 35. Kh2 {[%clk 0:00:27]} Rb7 {[%clk 0:00:13]} 36. g3
{[%clk 0:00:27]} Rd7 {[%clk 0:00:11]} 37. Kg2 {[%clk 0:00:28]} Rb7
{[%clk 0:00:11]} 38. Ba1 {[%clk 0:00:14]} Bc5 {[%clk 0:00:10]} 39. Rc2
{[%clk 0:00:13]} Rd7 {[%clk 0:00:09]} 40. Bb2 {[%clk 0:00:11]} Bb6
{[%clk 0:00:09]} 41. Ba3 {[%clk 0:00:11]} Bd8 {[%clk 0:00:10]} 42. Rb2
{[%clk 0:00:10]} Be7 {[%clk 0:00:10]} 43. Bxe7 {[%clk 0:00:10]} Kxe7
{[%clk 0:00:10]} 44. Rb6 {[%clk 0:00:10]} Kf7 {[%clk 0:00:11]} 45. g4
{[%clk 0:00:10]} Rc7 {[%clk 0:00:11]} 46. Kg3 {[%clk 0:00:11]} Rd7
{[%clk 0:00:12]} 47. h5 {[%clk 0:00:12]} g6 {[%clk 0:00:12]} 48. hxg6+
{[%clk 0:00:11]} hxg6 {[%clk 0:00:13]} 49. g5 {[%clk 0:00:06]} Nxg5
{[%clk 0:00:09]} 50. Nxg5+ {[%clk 0:00:07]} fxg5 {[%clk 0:00:10]} 51. Kg4
{[%clk 0:00:08]} Rd5 {[%clk 0:00:11]} 52. e4 {[%clk 0:00:08]} Re5
{[%clk 0:00:12]} 53. f3 {[%clk 0:00:09]} Kg7 {[%clk 0:00:12]} 54. Rd6
{[%clk 0:00:10]} Kf7 {[%clk 0:00:08]} 55. Rd5 {[%clk 0:00:10]} Re6
{[%clk 0:00:06]} 56. Kxg5 {[%clk 0:00:11]} Re7 {[%clk 0:00:06]} 57. Rd6
{[%clk 0:00:11]} Re5+ {[%clk 0:00:07]} 58. Kg4 {[%clk 0:00:11]} Ra5
{[%clk 0:00:08]} 59. f4 {[%clk 0:00:10]} Ra1 {[%clk 0:00:09]} 60. Rd3
{[%clk 0:00:10]} Rg1+ {[%clk 0:00:09]} 61. Rg3 {[%clk 0:00:11]} Re1
{[%clk 0:00:10]} 62. e5 {[%clk 0:00:11]} Rf1 {[%clk 0:00:10]} 63. Kg5
{[%clk 0:00:13]} Rf2 {[%clk 0:00:09]} 64. Rg4 {[%clk 0:00:12]} Re2
{[%clk 0:00:07]} 65. Rg3 {[%clk 0:00:12]} Rf2 {[%clk 0:00:08]} 66. Rg1
{[%clk 0:00:11]} Rf3 {[%clk 0:00:08]} 67. Rg4 {[%clk 0:00:08]} Rf2
{[%clk 0:00:09]} 68. Rg3 {[%clk 0:00:05]} Rf1 {[%clk 0:00:09]} 69. Kg4
{[%clk 0:00:06]} Re1 {[%clk 0:00:07]} 70. Rg2 {[%clk 0:00:07]} Rf1
{[%clk 0:00:08]} 71. Rb2 {[%clk 0:00:08]} Rg1+ {[%clk 0:00:09]} 72. Kf3
{[%clk 0:00:09]} Rf1+ {[%clk 0:00:10]} 73. Ke3 {[%clk 0:00:09]} Re1+
{[%clk 0:00:11]} 74. Re2 {[%clk 0:00:09]} Ra1 {[%clk 0:00:12]} 75. Kf3
{[%clk 0:00:10]} Rg1 {[%clk 0:00:12]} 76. Ke4 {[%clk 0:00:11]} Ke6
{[%clk 0:00:13]} 77. Kf3 {[%clk 0:00:10]} Rf1+ {[%clk 0:00:13]} 78. Kg3
{[%clk 0:00:10]} Rg1+ {[%clk 0:00:14]} 79. Rg2 {[%clk 0:00:11]} Rf1
{[%clk 0:00:15]} 80. Kg4 {[%clk 0:00:12]} Kf7 {[%clk 0:00:15]} 81. Kg5
{[%clk 0:00:13]} Rf3 {[%clk 0:00:13]} 82. Rg4 {[%clk 0:00:13]} Re3
{[%clk 0:00:13]} 83. Rg2 {[%clk 0:00:11]} Rf3 {[%clk 0:00:12]} 84. Kg4
{[%clk 0:00:12]} Rf1 {[%clk 0:00:11]} 85. Rc2 {[%clk 0:00:11]} Rg1+
{[%clk 0:00:12]} 86. Kf3 {[%clk 0:00:12]} Rf1+ {[%clk 0:00:13]} 87. Ke3
{[%clk 0:00:13]} Re1+ {[%clk 0:00:14]} 88. Kf2 {[%clk 0:00:14]} Rb1
{[%clk 0:00:13]} 89. Rc6 {[%clk 0:00:15]} Rb3 {[%clk 0:00:13]} 90. Rf6+
{[%clk 0:00:14]} Kg7 {[%clk 0:00:14]} 91. Rd6 {[%clk 0:00:15]} Kf7
{[%clk 0:00:15]} 92. Ke2 {[%clk 0:00:13]} Ra3 {[%clk 0:00:16]} 93. Rd3
{[%clk 0:00:14]} Ra1 {[%clk 0:00:16]} 94. Kf3 {[%clk 0:00:15]} Re1
{[%clk 0:00:14]} 95. Rd7+ {[%clk 0:00:14]} Ke6 {[%clk 0:00:07]} 96. Rg7
{[%clk 0:00:11]} Rg1 {[%clk 0:00:08]} 97. Kf2 {[%clk 0:00:09]} Rg4
{[%clk 0:00:10]} 98. Ke3 {[%clk 0:00:11]} Rg1 {[%clk 0:00:09]} 99. Rg8
{[%clk 0:00:08]} Kf7 {[%clk 0:00:06]} 100. Rd8 {[%clk 0:00:09]} Re1+
{[%clk 0:00:07]} 101. Kf3 {[%clk 0:00:10]} Rf1+ {[%clk 0:00:08]} 102. Kg3
{[%clk 0:00:11]} Rg1+ 103. Kf2 Ra1 {[%clk 0:00:10]} 104. Rd3 {[%clk 0:00:13]} Rb1
{[%clk 0:00:09]} 105. Kf3 {[%clk 0:00:13]} Rf1+ {[%clk 0:00:09]} 106. Ke4
{[%clk 0:00:14]} Rf2 {[%clk 0:00:08]} 107. Rc3 {[%clk 0:00:12]} Re2+
{[%clk 0:00:06]} 108. Kd4 {[%clk 0:00:12]} Rd2+ {[%clk 0:00:07]} 109. Rd3
{[%clk 0:00:14]} Ra2 {[%clk 0:00:08]} 110. Kd5 {[%clk 0:00:13]} Ra4
{[%clk 0:00:09]} 111. Rd4 {[%clk 0:00:12]} Ra1 {[%clk 0:00:10]} 112. Rc4
{[%clk 0:00:11]} Rd1+ {[%clk 0:00:08]} 113. Rd4 {[%clk 0:00:09]} Ra1
{[%clk 0:00:09]} 114. Re4 {[%clk 0:00:06]} Ra5+ {[%clk 0:00:09]} 115. Kd4
{[%clk 0:00:06]} Ke6 {[%clk 0:00:10]} 116. Re1 {[%clk 0:00:06]} Ra4+
{[%clk 0:00:10]} 117. Ke3 {[%clk 0:00:07]} Kf5 {[%clk 0:00:09]} 118. Rf1
{[%clk 0:00:08]} Ra3+ {[%clk 0:00:08]} 119. Kd4 {[%clk 0:00:09]} Ra4+
{[%clk 0:00:07]} 120. Kd5 {[%clk 0:00:10]} Ra5+ {[%clk 0:00:09]} 121. Kd6
{[%clk 0:00:11]} Ra6+ {[%clk 0:00:10]} 122. Ke7 {[%clk 0:00:12]} Ra7+
{[%clk 0:00:10]} 123. Kf8 {[%clk 0:00:13]} Ra8+ {[%clk 0:00:10]} 124. Kg7
{[%clk 0:00:14]} Ra7+ {[%clk 0:00:07]} 125. Kh6 {[%clk 0:00:15]} Ra4
{[%clk 0:00:08]} 126. Re1 {[%clk 0:00:16]} Ra7 {[%clk 0:00:05]} 127. e6
{[%clk 0:00:15]} Re7 {[%clk 0:00:07]} 128. Re2 {[%clk 0:00:16]} Kf6
{[%clk 0:00:05]} 129. Re5 {[%clk 0:00:17]} Re8 {[%clk 0:00:05]} 130. e7
{[%clk 0:00:17]} Rh8# {[%clk 0:00:06]} 0-1

[Event "Blitz 2018"]
[Site "Saint-Petersburg"]
[Date "2018.12.30"]
[Round "13"]
[Board "82"]
[White "Iljin Artem (RUS)"]
[Black "Baron Tal (ISR)"]
[Result "0-1"]
[LiveChessVersion "1.4.8"]
[BlackElo "2421"]
[WhiteElo "2525"]

1. Nf3 {[%clk 0:03:02]} Nf6 {[%clk 0:03:02]} 2. c4 {[%clk 0:03:02]} c5
{[%clk 0:03:02]} 3. Nc3 {[%clk 0:02:59]} d5 {[%clk 0:03:04]} 4. cxd5
{[%clk 0:02:59]} Nxd5 {[%clk 0:03:05]} 5. d4 {[%clk 0:02:52]} Nxc3
{[%clk 0:03:01]} 6. bxc3 {[%clk 0:02:53]} g6 {[%clk 0:03:02]} 7. Bg5
{[%clk 0:02:50]} Bg7 {[%clk 0:03:01]} 8. e3 {[%clk 0:02:50]} O-O {[%clk 0:02:32]}
9. Be2 {[%clk 0:02:51]} b6 {[%clk 0:02:20]} 10. O-O {[%clk 0:02:50]} h6
{[%clk 0:02:15]} 11. Bh4 {[%clk 0:02:49]} Bb7 {[%clk 0:02:11]} 12. Qb3
{[%clk 0:02:40]} Qc7 {[%clk 0:02:05]} 13. Rfd1 {[%clk 0:02:11]} e6
{[%clk 0:02:00]} 14. Rab1 {[%clk 0:02:04]} Be4 {[%clk 0:01:52]} 15. Rbc1
{[%clk 0:02:00]} Nd7 {[%clk 0:01:45]} 16. Nd2 {[%clk 0:01:49]} Bd5
{[%clk 0:01:45]} 17. c4 {[%clk 0:01:33]} Bb7 {[%clk 0:01:46]} 18. d5
{[%clk 0:01:32]} e5 {[%clk 0:01:22]} 19. Ne4 {[%clk 0:01:27]} f5 {[%clk 0:01:21]}
20. Nc3 {[%clk 0:01:27]} g5 {[%clk 0:01:20]} 21. Bg3 {[%clk 0:01:19]} f4
{[%clk 0:01:21]} 22. d6 {[%clk 0:01:12]} Qd8 {[%clk 0:01:06]} 23. Bg4
{[%clk 0:01:06]} fxg3 {[%clk 0:01:00]} 24. hxg3 {[%clk 0:01:07]} e4
{[%clk 0:01:01]} 25. Nd5 {[%clk 0:00:34]} Bxd5 {[%clk 0:00:48]} 26. Rxd5
{[%clk 0:00:35]} Ne5 {[%clk 0:00:48]} 27. Be6+ {[%clk 0:00:36]} Kh8
{[%clk 0:00:49]} 28. g4 {[%clk 0:00:36]} Qf6 {[%clk 0:00:44]} 29. Bf5
{[%clk 0:00:36]} Rad8 {[%clk 0:00:43]} 30. Rcd1 {[%clk 0:00:36]} h5
{[%clk 0:00:35]} 31. Qc2 {[%clk 0:00:31]} Nxg4 {[%clk 0:00:34]} 32. Qxe4
{[%clk 0:00:24]} Nh6 {[%clk 0:00:32]} 33. Bg6 {[%clk 0:00:15]} Qxf2+
{[%clk 0:00:31]} 34. Kh1 {[%clk 0:00:14]} Ng4 {[%clk 0:00:27]} 0-1